000 00743nam a22002297a 4500
003 DO-SdBNP
005 20220531084023.0
007 ta
008 211102b2017 dr ||||| |||| 00| 0 spa d
020 _a9789945167993
040 _aDO-SdBNP
_bspa
_cBNPHU
082 4 _222
_bT693a
100 1 _aTorres Penchi, Israel
_980452
245 1 0 _aAsí se escribe :
_b manual de periodismo /
_cIsrael Torres Penchi ; revisióndel texto Oscar Peña.
260 _aSanto Domingo :
_bBúho,
_c2017.
300 _a104 p. :
_bil. ;
_c16 cm.
500 _aIncluye datos biográficos del autor en la página 103-104
590 _aInventariado, 2021 /LP
700 1 _aPeña, Oscar,
_erevisión de texto
_980453
910 _aLopérez
942 _2ddc
_cLBS1
999 _c50851
_d50851